Paesi nominati nella pagina Wikipedia del Regno Unito - Statistics

Statistiche generali
  • Questo quiz è stato fatto 63 volte
  • Il punteggio medio è 26 su 39
Statistiche sulle risposte
Volte in cui viene nominato Inzio (basato sul motivo per cui lo stato è nominato nella pagina Wikipedia) Paese % Corretto
4 Terzo reame del Commonwealth per popolazione Australia
100%
12 Paese Confinante Irlanda
100%
6 Il Regno Unito ha la quinta economia globale, la prima è quella di questo paese Stati Uniti
100%
2 Il Regno Unito ha la quinta economia globale, la seconda è quella di questo paese Cina
98%
3 Ex colonia britannica, paese d'origine di molti immigrati residenti nel Regno Unito India
98%
2 Il Regno Unito ha il quinto Prodotto Nazionale Lordo, settimo è quello di questo paese Italia
96%
7 Il Regno Unito ha la quinta economia globale, la quarta è quella di questo paese Germania
94%
3 Secondo reame del Commonwealth per popolazione Canada
92%
2 Il Regno Unito ha la quinta economia globale, la terza è quella di questo paese Giappone
92%
2 Paese confinante (con una dipendenza britannica) Spagna
92%
3 Il Regno Unito ha il quinto Prodotto Nazionale Lordo, sesto è quello di questo paese Francia
90%
3 Quarto reame del Commonwealth per popolazione Nuova Zelanda
90%
3 Ex colonia britannica, paese d'origine di molti immigrati residenti nel Regno Unito Pakistan
88%
2 Paese d'origine di molti immigrati residenti nel Regno Unito Russia
88%
2 Ex colonia britannica, paese d'origine di molti immigrati residenti nel Regno Unito Sudafrica
82%
1 Paese d'origine di molti immigrati residenti nel Regno Unito Turchia
82%
2 Paese in cui il Regno Unito schiera truppe in missione di pace Iraq
78%
1 Paese d'origine di molti immigrati residenti nel Regno Unito Iran
76%
2 Paese in cui il Regno Unito ha schierato truppe in missione di pace Afghanistan
72%
2 Paese d'origine di molti immigrati residenti nel Regno Unito Brasile
70%
1 Paese d'origine di molti immigrati residenti nel Regno Unito Algeria
68%
1 Paese in cui il Regno Unito ha schierato truppe in missione di pace Libia
64%
1 Paese d'origine di molti immigrati residenti nel Regno Unito Polonia
64%
1 Ex colonia britannica, paese d'origine di molti immigrati residenti nel Regno Unito Nigeria
62%
1 Paese in cui il Regno Unito possiede strutture militari Kenya
56%
1 Paese d'origine di molti immigrati residenti nel Regno Unito Somalia
56%
2 Paese confinante (con una dipendenza britannica) Cipro
54%
1 Paese d'origine di molti immigrati residenti nel Regno Unito Colombia
54%
1 Quinto reame del Commonwealth per popolazione Papua Nuova Guinea
50%
1 Paese in cui il Regno Unito schiera truppe in missione di pace Kosovo
44%
2 Paese d'origine di molti immigrati residenti nel Regno Unito Filippine
42%
1 Sesto reame del Commonwealth per popolazione Giamaica
40%
1 Paese in cui il Regno Unito possiede strutture militari Belize
34%
2 Paese in cui il Regno Unito possiede strutture militari Singapore
34%
1 Paese in cui il Regno Unito ha schierato truppe in missione di pace Bosnia Erzegovina
32%
1 Paese in cui il Regno Unito possiede strutture militari Brunei
32%
1 Paese in cui il Regno Unito possiede strutture militari Qatar
28%
1 Paese in cui il Regno Unito ha schierato truppe in missione di pace Sierra Leone
28%
1 Paese d'origine di molti immigrati residenti nel Regno Unito Lituania
24%
Nessun quiz corrispondente trovato
Distribuzione punteggi
Percentuale di utenti per punteggio
Percentile per numero di risposta
I tuoi punteggi nel tempo
Non hai fatto questo quiz